AQA Business for A-level (Record no. 22225)
[ view plain ]
| 000 -LEADER | |
|---|---|
| fixed length control field | 00347nam a22001457a 4500 |
| 020 ## - INTERNATIONAL STANDARD BOOK NUMBER | |
| ISBN | 978-1-471-83569-8 |
| 082 ## - DEWEY DECIMAL CLASSIFICATION NUMBER | |
| Classification number | 650 |
| 100 ## - MAIN ENTRY--AUTHOR NAME | |
| Personal name | Marcouse, Ian |
| 245 ## - TITLE STATEMENT | |
| Title | AQA Business for A-level |
| 260 ## - PUBLICATION, DISTRIBUTION, ETC. (IMPRINT) | |
| Place of publication | London: |
| Name of publisher | Hodder Education, |
| Year of publication | 2015 |
| 300 ## - PHYSICAL DESCRIPTION | |
| Number of Pages | v, 656p.: ill.; 27cm |
| 700 ## - ADDED ENTRY--PERSONAL NAME | |
| Personal name | Hammond, Andrew |
| 700 ## - ADDED ENTRY--PERSONAL NAME | |
| Personal name | Watson, Nigel |
| 942 ## - ADDED ENTRY ELEMENTS (KOHA) | |
| Koha item type | Books |
| Withdrawn status | Lost status | Damaged status | Not for loan | Collection code | Permanent Location | Current Location | Shelving location | Date acquired | Source of acquisition | Full call number | Accession Number | Price effective from | Koha item type |
|---|---|---|---|---|---|---|---|---|---|---|---|---|---|
| Non-fiction | IFM Main Campus Library | IFM Main Campus Library | Work Room processing | 01/26/2026 | Purchased | 650 MAR | 0000030951 | 01/26/2026 | Books |
